Normal view
MARC view
Entry Personal Name
001 - CONTROL NUMBER
- control field: 72507
003 - CONTROL NUMBER IDENTIFIER
- control field: dpl
005 - DATE AND TIME OF LATEST TRANSACTION
- control field: 20241009125501.0
008 - FIXED-LENGTH DATA ELEMENTS
- fixed length control field: 241009|| aca||aabn | a|a d
040 ## - CATALOGING SOURCE
- Original cataloging agency: dpl
- Transcribing agency: dpl
100 ## - HEADING--PERSONAL NAME
- Personal name: Mishra, Udayon
670 ## - SOURCE DATA FOUND
- Source citation: Work cat.: (dpl)206196: Misra, Tilottoma 72504, High Wind:, 2020
